The pirate pig / (Record no. 294)
[ view plain ]
| 000 -LEADER | |
|---|---|
| fixed length control field | 01477nam a22004097a 4500 |
| 001 - CONTROL NUMBER | |
| control field | 294 |
| 003 - CONTROL NUMBER IDENTIFIER | |
| control field | FISKH |
| 005 - DATE AND TIME OF LATEST TRANSACTION | |
| control field | 20230421111648.0 |
| 008 - FIXED-LENGTH DATA ELEMENTS--GENERAL INFORMATION | |
| fixed length control field | 230316b cb ||||| |||| 00| 0 eng d |
| 020 ## - INTERNATIONAL STANDARD BOOK NUMBER | |
| Canceled/invalid ISBN | 9780385375443 |
| 040 ## - CATALOGING SOURCE | |
| Original cataloging agency | DLC |
| Language of cataloging | eng |
| Transcribing agency | DLC |
| Description conventions | rda |
| Modifying agency | DLC |
| -- | FISKH |
| 041 1# - LANGUAGE CODE | |
| Language code of text/sound track or separate title | eng |
| Language code of original | ger |
| 042 ## - AUTHENTICATION CODE | |
| Authentication code | lcac |
| -- | pcc |
| 050 00 - LIBRARY OF CONGRESS CALL NUMBER | |
| Classification number | PZ7.F96624 |
| Item number | Pj 2015 |
| 082 00 - DEWEY DECIMAL CLASSIFICATION NUMBER | |
| Classification number | 833.92 |
| Edition number | 23 |
| 100 1# - MAIN ENTRY--PERSONAL NAME | |
| Personal name | Funke, Cornelia, |
| Dates associated with a name | 1958- |
| 240 10 - UNIFORM TITLE | |
| Uniform title | Piratenschwein. |
| Language of a work | English |
| 245 14 - TITLE STATEMENT | |
| Title | The pirate pig / |
| Statement of responsibility, etc. | Cornelia Funke ; translated by Oliver Latsch ; illustrated by Kerstin Meyer. |
| 250 ## - EDITION STATEMENT | |
| Edition statement | First American edition. |
| 264 #1 - PRODUCTION, PUBLICATION, DISTRIBUTION, MANUFACTURE, AND COPYRIGHT NOTICE | |
| Place of production, publication, distribution, manufacture | New York |
| Name of producer, publisher, distributor, manufacturer | Random House |
| Date of production, publication, distribution, manufacture, or copyright notice | 2015 |
| 300 ## - PHYSICAL DESCRIPTION | |
| Extent | 55 pages : |
| Other physical details | color illustrations ; |
| Dimensions | 21 cm |
| 336 ## - CONTENT TYPE | |
| Content type term | text |
| Source | rdacontent |
| 337 ## - MEDIA TYPE | |
| Media type term | unmediated |
| Source | rdamedia |
| 338 ## - CARRIER TYPE | |
| Carrier type term | volume |
| Source | rdacarrier |
| 500 ## - GENERAL NOTE | |
| General note | "Originally published as Das Piratenschwein by Cecilie Dressler Verlag GmbH & Co. KG, Hamburg, Germany, in 1999"--Copyright page. |
| 520 ## - SUMMARY, ETC. | |
| Summary, etc. | On Butterfly Island, sailer Stout Sam and his deckhand Pip must rescue their treasure-sniffing pig from nasty pirate Barracuda Bill. |
| 521 1# - TARGET AUDIENCE NOTE | |
| Target audience note | 720 <br/> |
| Source | Lexile |
| 521 1# - TARGET AUDIENCE NOTE | |
| Target audience note | M <br/> |
| Source | Raz-Plus |
| 650 #1 - SUBJECT ADDED ENTRY--TOPICAL TERM | |
| Topical term or geographic name entry element | Pigs |
| Form subdivision | Fiction. |
| 650 #1 - SUBJECT ADDED ENTRY--TOPICAL TERM | |
| Topical term or geographic name entry element | Pirates |
| Form subdivision | Fiction. |
| 650 #1 - SUBJECT ADDED ENTRY--TOPICAL TERM | |
| Topical term or geographic name entry element | Buried treasure |
| Form subdivision | Fiction. |
| 650 #1 - SUBJECT ADDED ENTRY--TOPICAL TERM | |
| Topical term or geographic name entry element | Islands |
| Form subdivision | Fiction. |
| 700 1# - ADDED ENTRY--PERSONAL NAME | |
| Personal name | Latsch, Oliver, |
| Relator term | translator. |
| 700 1# - ADDED ENTRY--PERSONAL NAME | |
| Personal name | Meyer, Kerstin, |
| Dates associated with a name | 1966- |
| Relator term | illustrator. |
| 906 ## - LOCAL DATA ELEMENT F, LDF (RLIN) | |
| a | 7 |
| b | cbc |
| c | orignew |
| d | 1 |
| e | ecip |
| f | 20 |
| g | y-gencatlg |
| 942 ## - ADDED ENTRY ELEMENTS (KOHA) | |
| Source of classification or shelving scheme | Dewey Decimal Classification |
| Koha item type | Books |
| Suppress in OPAC | No |
| Withdrawn status | Lost status | Source of classification or shelving scheme | Damaged status | Not for loan | Collection | Home library | Current library | Shelving location | Date acquired | Total Checkouts | Full call number | Barcode | Date last seen | Date last checked out | Price effective from | Koha item type |
|---|---|---|---|---|---|---|---|---|---|---|---|---|---|---|---|---|
| Dewey Decimal Classification | Juvenile Fiction | Footprints International School Library Network Toul Kork Campus | Footprints International School Library Network Toul Kork Campus | TK Primary Library Room(4th Floor), Bookcase 5&6, Shelves 33-56, Orange Books | 03/16/2023 | 2 | FUN 833.92 PZ7.F96624 | 2023-0034 | 11/21/2023 | 11/14/2023 | 03/16/2023 | Books |
